000 00597nam a22002417a 4500
003 UA-OsUOA
001 21128
007 ta
008 20031119b un ||||| |||| 00| 0 ukr d
100 _aКонев И.С.
090 _a94(477).09
_bК64
942 _cBK
040 _aUA-OsUOA
_brus
_cUA-OsUOA
_dUA-OsUOA
245 _aСорок пятый
_bВоенные мемуары
300 _a279 с.
_bІлюстрації
955 _a0
041 _arus
080 _a94(477).09
260 _aМосква
_bВоениздат
_c1966
044 _aRU
650 7 _2UDC
999 _c307321
_d307321